Các nhân tố ảnh hưởng đến khả năng trả nợ đúng hạn của khách hàng cá nhân tại ngân hàng thương mại cổ phần Ngoại Thương Việt Nam - chi nhánh Sóc Trăng : Luận văn tốt nghiệp Cao học. Chuyên ngành Tài chính - Ngân hàng

Đo lường các nhân tố ảnh hưởng đến khả năng trả nợ đúng hạn của khách hàng cá nhân tại ngân hàng thương mại cổ phần Ngoại Thương Việt Nam chi nhánh Sóc Trăng, và đề xuất giải pháp nhằm hạn chế rủi ro tín dụng tại ngân hàng....

全面介紹

Đã lưu trong:
書目詳細資料
主要作者: Phương, Thị Thanh Hiền
格式: 圖書
語言:Undetermined
出版: Cần Thơ Trường Đại học Cần Thơ 2019
主題:
標簽: 添加標簽
沒有標簽, 成為第一個標記此記錄!
Thư viện lưu trữ: Trung tâm Học liệu Trường Đại học Cần Thơ
LEADER 01342nam a2200217Ia 4500
001 CTU_231837
008 210402s9999 xx 000 0 und d
082 |a 332.12 
082 |b H305 
088 |a 8340201 
100 |a Phương, Thị Thanh Hiền 
245 0 |a Các nhân tố ảnh hưởng đến khả năng trả nợ đúng hạn của khách hàng cá nhân tại ngân hàng thương mại cổ phần Ngoại Thương Việt Nam - chi nhánh Sóc Trăng : 
245 0 |b Luận văn tốt nghiệp Cao học. Chuyên ngành Tài chính - Ngân hàng 
245 0 |c Phương Thị Thanh Hiền ; Võ Thành Danh (Cán bộ hướng dẫn) 
260 |a Cần Thơ 
260 |b Trường Đại học Cần Thơ 
260 |c 2019 
520 |a Đo lường các nhân tố ảnh hưởng đến khả năng trả nợ đúng hạn của khách hàng cá nhân tại ngân hàng thương mại cổ phần Ngoại Thương Việt Nam chi nhánh Sóc Trăng, và đề xuất giải pháp nhằm hạn chế rủi ro tín dụng tại ngân hàng. 
650 |a Banks and banking,Ngân hàng và nghiệp vụ ngân hàng 
910 |b nthai 
980 |a Trung tâm Học liệu Trường Đại học Cần Thơ